|
|
|
|
| LEADER |
00882nab a2200277 i 4500 |
| 001 |
publ38957 |
| 005 |
20260204101244.0 |
| 008 |
260204s2025 hu o 000 hun d |
| 022 |
|
|
|a 1786-5913
|
| 024 |
7 |
|
|a 10.1556/2068.2025.00224
|2 doi
|
| 024 |
7 |
|
|a 36901093
|2 mtmt
|
| 040 |
|
|
|a SZTE Publicatio Repozitórium
|b hun
|
| 041 |
|
|
|a hun
|
| 100 |
1 |
|
|a Bicskó Réka
|
| 245 |
1 |
0 |
|a Beszámoló az MHTT XXX. Konferenciájáról
|h [elektronikus dokumentum] /
|c Bicskó Réka
|
| 260 |
|
|
|c 2025
|
| 300 |
|
|
|a 236-244
|
| 490 |
0 |
|
|a HEMATOLÓGIA-TRANSZFUZIOLÓGIA
|v 58 No. 3
|
| 650 |
|
4 |
|a Klinikai orvostan
|
| 700 |
0 |
1 |
|a Bödör Csaba
|e aut
|
| 700 |
0 |
1 |
|a Kasza Krisztián
|e aut
|
| 700 |
0 |
1 |
|a Lakatos Viktor
|e aut
|
| 700 |
0 |
1 |
|a Marton Imelda
|e aut
|
| 700 |
0 |
1 |
|a Tordai Attila
|e aut
|
| 700 |
0 |
1 |
|a Illés Árpád
|e aut
|
| 856 |
4 |
0 |
|u http://publicatio.bibl.u-szeged.hu/38957/1/Bicsko.pdf
|z Dokumentum-elérés
|